Т. 25, № 2; Математическое моделирование

Bibliografiske detaljer
Parent link:Математическое моделирование=Mathematical Models and Computer Simulations: научный журнал/ Российская академия наук (РАН). Т. 25, № 2.— , 1990-.— 0234-0879
Sprog:russisk
Udgivet: 2013
Format: MixedMaterials Bog
KOHA link:https://koha.lib.tpu.ru/cgi-bin/koha/opac-detail.pl?biblionumber=502589

MARC

LEADER 00000nam2a2200000 4500
001 502589
005 20231101102407.0
035 |a (RuTPU)RU\TPU\prd\173150 
090 |a 502589 
100 |a 20130328a20139999k y0rusy50 ca 
101 0 |a rus 
102 |a RU 
200 0 |a Т. 25, № 2 
210 |d 2013 
461 1 |0 (RuTPU)RU\TPU\prd\1607  |x 0234-0879  |t Математическое моделирование  |l Mathematical Models and Computer Simulations  |o научный журнал  |f Российская академия наук (РАН)  |v Т. 25, № 2  |d 1990- 
801 0 |a RU  |b 63413507  |c 20010227  |g PSBO 
801 1 |a RU  |b 63413507  |c 20130328 
801 2 |a RU  |b 63413507  |c 20230517  |g RCR 
942 |c BK 
999 |a НТБ_ТПУ  |b НФ  |e -1/20130109  |p П-5641  |s 5/20121010  |u 0,00  |v 1